| 000 | 00459nam a2200121Ia 4500 | ||
|---|---|---|---|
| 008 | 171212s9999 xx 000 0 und d | ||
| 020 | _a9780833046987 | ||
| 100 | _aBensahel, Nora;Oliker, Olga;Peterson, Heather | ||
| 245 |
_cBensahel, Nora;Oliker, Olga;Peterson, Heather _aImproving Capacity for Stabilization and Reconstruction Operations |
||
| 260 |
_bRAND Corporation _c2009 |
||
| 650 | _aPolitical Science | ||
| 856 | _uwww.jstor.org/stable/10.7249/mg852osd | ||
| 999 |
_c352185 _d352185 |
||